Vehicle emission reductions
Na minha lista:
| Formato: | Livro |
|---|---|
| Idioma: | inglês |
| Publicado em: |
Paris
ECMT
2001
|
| Assuntos: | |
| Tags: |
Sem tags, seja o primeiro a adicionar uma tag!
|
MARC
| LEADER | 00000nam a2200000 4500 | ||
|---|---|---|---|
| 001 | c126838 | ||
| 005 | 20221124104026.3 | ||
| 020 | |a 92-821-1363-9 | ||
| 041 | 0 | |a eng | |
| 044 | |a FR | ||
| 245 | 1 | 0 | |a Vehicle emission reductions |
| 264 | 1 | |a Paris |b ECMT |c 2001 | |
| 300 | |a 132 s. | ||
| 610 | 2 | 0 | |a doprava |
| 610 | 2 | 0 | |a prostriedky dopravné |
| 610 | 2 | 0 | |a emisie |
| 610 | 2 | 0 | |a znečistenie ovzdušia |
| 610 | 2 | 0 | |a ochrana prostredia životného |
| 610 | 2 | 0 | |a podnebie |
| 610 | 2 | 0 | |a kontrola |
| 610 | 2 | 0 | |a regulácia |
| 610 | 2 | 0 | |a dohody |
| 610 | 2 | 0 | |a porovnanie medzinárodné |
| 610 | 2 | 0 | |a Európska únia |
| 610 | 2 | 0 | |a USA |
| 610 | 2 | 0 | |a Japonsko |